Equipe d'Espagne de football (Euro 2008,Coupe du monde 2010 et Euro 2012 - Statistiques

Statistiques générales
  • Ce quiz a été pris 611 fois
  • Le résultat moyen est 15 sur 19
Statistiques - réponses
Compétition Stade Adversaire Score % Correct
Euro 2008 Finale Allemagne 1-0
98%
CdM 2010 Demi-finale Allemagne 1-0
98%
Euro 2012 Quarts de finale France 2-0
98%
Euro 2008 Quarts de finale Italie 0-0 (4-2 tab)
97%
Euro 2012 1er tour Italie 1-1
97%
Euro 2012 Finale Italie 4-0
97%
CdM 2010 Finale Pays-Bas 1-0 a.p.
97%
CdM 2010 Huitièmes de finale Portugal 1-0
95%
Euro 2012 Demi-finale Portugal 0-0 (4-2 tab)
95%
CdM 2010 1er tour Suisse 0-1
80%
Euro 2008 1er tour Russie 4-1
69%
Euro 2008 Demi-finale Russie 3-0
69%
Euro 2008 1er tour Suède 2-1
65%
CdM 2010 1er tour Chili 2-1
58%
Euro 2012 1er tour Irlande 4-0
57%
Euro 2012 1er tour Croatie 1-0
56%
Euro 2008 1er tour Grèce 2-1
56%
CdM 2010 Quarts de finale Paraguay 1-0
46%
CdM 2010 1er tour Honduras 2-0
33%
Aucun quiz correspondant
Distribution des résultats
% des personnes avec chaque résultat
Percentile par nombre de réponses
Votre historique - résultats
Vous n’avez pas pris ce quiz